[Event "American Continental 08th"]
[Site "Mar del Plata"]
[Date "2012.10.18"]
[Round "8"]
[White "Cervetto, Esteban"]
[Black "Tobares, Leandro"]
[Result "0-1"]
[WhiteElo "2100"]
[BlackElo "2261"]
[PlyCount "68"]
[EventDate "2012.10.12"]
[EventType "swiss"]
[EventRounds "11"]
[EventCountry "ARG"]
[SourceTitle "EXT 2013"]
[Source "ChessBase"]
[SourceDate "2012.11.22"]
[SourceVersion "1"]
[SourceVersionDate "2012.11.22"]
[SourceQuality "1"]

1. e4 c5 2. Nf3 Nc6 3. d4 cxd4 4. Nxd4 g6 5. Nc3 Bg7 6. Be3 Nf6 7. Bc4 0-0 8. Bb3 a5 9. 0-0 Nxd4 10. Bxd4 d6 11. f3 Bd7 12. a4 Bc6 13. Qd2 Nd7 14. Rad1 Nc5 15. Bxc5 dxc5 16. Qg5 Bd4+ 17. Kh1 e6 18. Qh6 Qf6 19. Rd3 Rad8 20. Re1 Be5 21. Red1 Bxc3 22. bxc3 Rxd3 23. Rxd3 Bxe4 24. Rd1 Rd8 25. Rb1 c4 26. fxe4 cxb3 27. cxb3 Qxc3 28. Qh4 Qd3 29. Re1 Rd4 30. Qf4 Qd2 31. Qb8+ Rd8 32. Qg3 Rd3 33. Qb8+ Kg7 34. Rf1 Qf2 0-1

[Event "American Continental 08th"]
[Site "Mar del Plata"]
[Date "2012.10.17"]
[Round "7"]
[White "Cervetto, Esteban"]
[Black "Batista, Gerson Peres"]
[Result "1-0"]
[WhiteElo "2100"]
[BlackElo "2233"]
[PlyCount "41"]
[EventDate "2012.10.12"]
[EventType "swiss"]
[EventRounds "11"]
[EventCountry "ARG"]
[SourceTitle "EXT 2013"]
[Source "ChessBase"]
[SourceDate "2012.11.22"]
[SourceVersion "1"]
[SourceVersionDate "2012.11.22"]
[SourceQuality "1"]

1. e4 e5 2. Nf3 Nc6 3. Bb5 f5 4. Nc3 fxe4 5. Nxe4 Nf6 6. Qe2 d5 7. Ng3 Bd6 8. Nxe5 0-0 9. Nxc6 bxc6 10. Bxc6 Rb8 11. 0-0 Rb6 12. Ba4 Ng4 13. d4 Qh4 14. h3 Nxf2 15. Rxf2 Rxf2 16. Qxf2 Bxg3 17. Qf3 Rf6 18. Qxd5+ Re6 19. Bg5 Bf2+ 20. Kh1 Qxd4 21. Bb3 1-0

[Event "American Continental 08th"]
[Site "Mar del Plata"]
[Date "2012.10.16"]
[Round "6"]
[White "Dos Santos, Haroldo Cunha Jr"]
[Black "Cervetto, Esteban"]
[Result "1-0"]
[WhiteElo "2263"]
[BlackElo "2100"]
[PlyCount "109"]
[EventDate "2012.10.12"]
[EventType "swiss"]
[EventRounds "11"]
[EventCountry "ARG"]
[SourceTitle "EXT 2013"]
[Source "ChessBase"]
[SourceDate "2012.11.22"]
[SourceVersion "1"]
[SourceVersionDate "2012.11.22"]
[SourceQuality "1"]

1. d4 Nf6 2. Nf3 g6 3. Bf4 Bg7 4. e3 d6 5. Be2 0-0 6. 0-0 Nfd7 7. h3 e5 8. Bh2 Qe7 9. c4 c6 10. Nc3 f5 11. Qb3 Kh8 12. Rad1 e4 13. Ne1 Na6 14. Qa3 Rf6 15. b4 Nf8 16. c5 d5 17. b5 Nc7 18. Bd6 Qd8 19. Nc2 g5 20. f3 exf3 21. Bxf3 Ne8 22. Bg3 Ng6 23. bxc6 bxc6 24. Nb4 Bd7 25. Bh5 f4 26. Bf2 Qc8 27. e4 Bxh3 28. Ncxd5 cxd5 29. Qxh3 dxe4 30. Qxc8 Rxc8 31. Bg4 Rb8 32. Be1 Nc7 33. d5 Ne5 34. Be2 f3 35. gxf3 exf3 36. Bd3 Rxb4 37. Bxb4 Nxd5 38. a3 Rf4 39. Bb5 Rg4+ 40. Kf2 Rg2+ 41. Ke1 Nxb4 42. Rd8+ Bf8 43. axb4 Kg7 44. Re8 a6 45. Rxe5 axb5 46. Rxf3 g4 47. Rf4 g3 48. Re8 Rg1+ 49. Rf1 Rxf1+ 50. Kxf1 Kf7 51. Re3 Bh6 52. c6 Bxe3 53. c7 Bd2 54. c8Q Bxb4 55. Qf5+ 1-0

[Event "Buenos Aires Legislatura op 4th"]
[Site "Buenos Aires"]
[Date "2011.12.05"]
[Round "7"]
[White "Cervetto, Esteban"]
[Black "Julia, Ernesto"]
[Result "0-1"]
[WhiteElo "2076"]
[BlackElo "2373"]
[PlyCount "58"]
[EventDate "2011.11.29"]
[EventType "swiss"]
[EventRounds "9"]
[EventCountry "ARG"]
[SourceTitle "EXT 2014"]
[Source "ChessBase"]
[SourceDate "2013.11.20"]
[SourceVersion "1"]
[SourceVersionDate "2013.11.20"]
[SourceQuality "1"]

1. e4 g6 2. d4 Bg7 3. Nc3 d6 4. Be3 a6 5. Qd2 b5 6. a4 b4 7. Nd5 a5 8. Bc4 e6 9. Nf4 Nf6 10. f3 d5 11. exd5 exd5 12. Bb3 0-0 13. h4 Re8 14. 0-0-0 c6 15. g4 Nbd7 16. Ngh3 Nb6 17. h5 Nc4 18. Bxc4 dxc4 19. hxg6 hxg6 20. d5 c3 21. Qf2 cxb2+ 22. Kb1 Bxg4 23. dxc6 Qc7 24. Bd4 Qxc6 25. fxg4 Ne4 26. Qg2 Qxa4 27. c4 bxc3 28. Bxg7 c2+ 29. Kxb2 Rab8+ 0-1

[Event "Buenos Aires Bolivar op 4th"]
[Site "Buenos Aires"]
[Date "2011.06.17"]
[Round "5"]
[White "Cervetto, Esteban"]
[Black "Villarreal, Ivan Nicolas"]
[Result "1/2-1/2"]
[WhiteElo "2134"]
[BlackElo "1936"]
[PlyCount "118"]
[EventDate "2011.06.13"]
[EventType "swiss"]
[EventRounds "9"]
[EventCountry "ARG"]
[SourceTitle "EXT 2014"]
[Source "ChessBase"]
[SourceDate "2013.11.20"]
[SourceVersion "1"]
[SourceVersionDate "2013.11.20"]
[SourceQuality "1"]

1. e4 c5 2. Nf3 d6 3. d4 cxd4 4. Nxd4 Nf6 5. Nc3 g6 6. Be3 Bg7 7. f3 0-0 8. Bc4 Nc6 9. Qd2 Bd7 10. 0-0-0 Rb8 11. Bb3 Na5 12. Bh6 b5 13. Bxg7 Kxg7 14. g4 Nc4 15. Qe1 Qb6 16. h4 a5 17. g5 Nh5 18. Nd5 Qd8 19. Bxc4 bxc4 20. Ne2 Kg8 21. Ng3 Nxg3 22. Qxg3 Be6 23. f4 Bxd5 24. Rxd5 Qb6 25. Qc3 Qf2 26. Qd2 Qf3 27. Re1 Rxb2 28. Kxb2 c3+ 29. Qxc3 Rb8+ 30. Qb3 Rxb3+ 31. axb3 Qxf4 32. e5 a4 33. exd6 exd6 34. Re8+ Kg7 35. h5 gxh5 36. Rd8 axb3 37. cxb3 Qf2+ 38. Kc3 h4 39. R8xd6 h3 40. Rh6 h2 41. b4 Qf3+ 42. Kc4 h1Q 43. Rxh1 Qxh1 44. b5 Qc1+ 45. Kb4 Qb2+ 46. Kc5 Qc3+ 47. Kd6 Qa5 48. Kc6 Qa8+ 49. Kc5 Kf8 50. b6 Ke7 51. Re5+ Kd7 52. Rd5+ Ke6 53. Rd6+ Ke7 54. Rd4 Ke6 55. Rd6+ Ke5 56. Rd7 Qa5+ 57. Kc6 Qa4+ 58. Kc7 Qa5 59. Rxf7 Kd5 1/2-1/2

[Event "Buenos Aires Bolivar op 4th"]
[Site "Buenos Aires"]
[Date "2011.06.16"]
[Round "4"]
[White "Bassan, Remo"]
[Black "Cervetto, Esteban"]
[Result "1-0"]
[WhiteElo "2337"]
[BlackElo "2134"]
[PlyCount "55"]
[EventDate "2011.06.13"]
[EventType "swiss"]
[EventRounds "9"]
[EventCountry "ARG"]
[SourceTitle "EXT 2014"]
[Source "ChessBase"]
[SourceDate "2013.11.20"]
[SourceVersion "1"]
[SourceVersionDate "2013.11.20"]
[SourceQuality "1"]

1. d4 Nf6 2. Bg5 Ne4 3. Bf4 d5 4. e3 e6 5. Bd3 Nf6 6. Nf3 Bd6 7. 0-0 Bxf4 8. exf4 0-0 9. Re1 c5 10. c3 cxd4 11. cxd4 Nc6 12. Nc3 Qb6 13. a3 Bd7 14. b4 g6 15. Na4 Qc7 16. g3 Rfc8 17. Rc1 Qd6 18. Ne5 b6 19. Ba6 Rc7 20. Nc3 Nb8 21. Bb5 a5 22. Qa4 Bc8 23. Be8 Nxe8 24. Qxe8+ Qf8 25. Qxf8+ Kxf8 26. Nxd5 exd5 27. Rxc7 Be6 28. b5 1-0

[Event "Villa Martelli Rubinstein Memorial"]
[Site "Villa Martelli"]
[Date "2008.08.04"]
[Round "7.1"]
[White "Bassan, Remo"]
[Black "Cervetto, Esteban"]
[Result "1-0"]
[WhiteElo "2109"]
[BlackElo "2164"]
[PlyCount "75"]
[EventDate "2008.07.29"]
[EventType "swiss"]
[EventRounds "9"]
[EventCountry "ARG"]
[SourceTitle "EXT 2024"]
[Source "ChessBase"]
[SourceDate "2023.10.10"]
[SourceVersion "1"]
[SourceVersionDate "2023.10.10"]
[SourceQuality "1"]

1. e4 e5 2. Nf3 Nc6 3. Bb5 a6 4. Ba4 Nf6 5. d3 b5 6. Bb3 Be7 7. 0-0 d6 8. c3 0-0 9. Nbd2 Na5 10. Bc2 c5 11. Re1 Qc7 12. Nf1 Nc6 13. Bg5 Be6 14. Ne3 Ne8 15. Nd5 Qd8 16. Nxe7+ Nxe7 17. d4 f6 18. Be3 Qc7 19. a4 Rd8 20. axb5 axb5 21. Bb3 c4 22. Bc2 Bg4 23. h3 Bc8 24. g4 d5 25. exd5 Nxd5 26. Qb1 Nxe3 27. Bxh7+ Kh8 28. Rxe3 g5 29. Bf5 Bb7 30. Be4 Bxe4 31. Qxe4 Nd6 32. Qg6 exd4 33. Nxd4 Qf7 34. Qh6+ Kg8 35. Ne6 Ra8 36. Rd1 Rfd8 37. Nxd8 Rxd8 38. Rf3 1-0

[Event "LNA Puma Cup"]
[Site "Argentina"]
[Date "2007.09.15"]
[Round "6"]
[White "Perez Ponsa, Federico"]
[Black "Cervetto, Esteban"]
[Result "1-0"]
[WhiteElo "2183"]
[BlackElo "2171"]
[PlyCount "115"]
[EventDate "2007.08.11"]
[EventType "team"]
[EventRounds "9"]
[EventCountry "ARG"]
[SourceTitle "CBM 120 Extra"]
[Source "ChessBase"]
[SourceDate "2007.11.01"]
[SourceVersion "1"]
[SourceVersionDate "2007.11.01"]
[SourceQuality "1"]

1. e4 e5 2. Nf3 Nc6 3. Bb5 a6 4. Ba4 Nf6 5. 0-0 Be7 6. Bxc6 dxc6 7. d3 Bd6 8. Nbd2 c5 9. Nc4 Qe7 10. a4 Nd7 11. Nfd2 g5 12. b3 h5 13. Bb2 f6 14. Ne3 Nb8 15. Nd5 Qg7 16. Nc4 Be6 17. Nce3 Nd7 18. Qf3 0-0-0 19. Nf5 Qf7 20. Nde3 Nf8 21. Bc3 b6 22. a5 b5 23. b4 cxb4 24. Nxd6+ Rxd6 25. Bxb4 Rd7 26. c4 Rxd3 27. cxb5 Bg4 28. Qg3 Ne6 29. f3 Nd4 30. Qf2 Be6 31. bxa6 Bc4 32. a7 Kd7 33. Rac1 Rxe3 34. Qxe3 Bxf1 35. Kxf1 Ra8 36. Bc5 Nc6 37. Qd3+ Ke8 38. Rd1 Qe6 39. Qb5 Kf7 40. Rd5 Nxa7 41. Qb7 Qc6 42. a6 Qxb7 43. axb7 Rb8 44. Bxa7 Rxb7 45. Be3 Ke6 46. Rd2 Rb3 47. Kf2 Rc3 48. Ke2 h4 49. Rd1 Rc2+ 50. Bd2 Ra2 51. g3 hxg3 52. hxg3 Ra3 53. g4 Ra2 54. Rc1 Kd6 55. Kd3 Kd7 56. Rh1 Ra7 57. Rh7+ Ke6 58. Bb4 1-0

[Event "Villa Martelli op"]
[Site "Villa Martelli"]
[Date "2006.??.??"]
[Round "4"]
[White "Cervetto, Esteban"]
[Black "Lo Presti, Roberto"]
[Result "1/2-1/2"]
[WhiteElo "2165"]
[BlackElo "2050"]
[PlyCount "75"]
[EventDate "2006.07.??"]
[EventType "swiss"]
[EventRounds "9"]
[EventCountry "ARG"]
[SourceTitle "EXT 2008"]
[Source "ChessBase"]
[SourceDate "2007.11.25"]
[SourceVersion "1"]
[SourceVersionDate "2007.11.25"]
[SourceQuality "1"]

1. e4 d5 2. exd5 Qxd5 3. Nc3 Qa5 4. d4 Nf6 5. Bd3 Bg4 6. f3 Bh5 7. Bd2 c6 8. Ne4 Qd5 9. Nxf6+ gxf6 10. Ne2 Bg6 11. c4 Qd7 12. Qb3 Bxd3 13. Qxd3 e6 14. 0-0-0 Na6 15. Ng3 0-0-0 16. Qb3 Qxd4 17. Be3 Qe5 18. Rxd8+ Kxd8 19. Rd1+ Kc8 20. Bxa7 Bc5 21. Ne4 Be7 22. g3 Rd8 23. Rxd8+ Bxd8 24. Qd3 f5 25. Qd6 Qa5 26. Nc3 Qc7 27. Qxc7+ Kxc7 28. Bd4 Be7 29. Kd2 Nc5 30. Ke3 Bg5+ 31. f4 Be7 32. Be5+ Kc8 33. Kd4 Nd7 34. Kd3 Nxe5+ 35. fxe5 Bc5 36. Ne2 Kd7 37. a3 Bf8 38. b4 1/2-1/2

[Event "Villa Martelli op"]
[Site "Villa Martelli"]
[Date "2006.??.??"]
[Round "3"]
[White "Nejanky, Maisa"]
[Black "Cervetto, Esteban"]
[Result "1-0"]
[WhiteElo "2055"]
[BlackElo "2165"]
[PlyCount "67"]
[EventDate "2006.07.??"]
[EventType "swiss"]
[EventRounds "9"]
[EventCountry "ARG"]
[SourceTitle "EXT 2008"]
[Source "ChessBase"]
[SourceDate "2007.11.25"]
[SourceVersion "1"]
[SourceVersionDate "2007.11.25"]
[SourceQuality "1"]

1. e4 e5 2. Nf3 Nc6 3. d4 exd4 4. Nxd4 Nf6 5. Nxc6 bxc6 6. e5 Qe7 7. Qe2 Nd5 8. c4 Nb6 9. b3 Bb7 10. Bb2 Qe6 11. Nd2 a5 12. g3 c5 13. f3 a4 14. Bg2 Be7 15. 0-0 f5 16. f4 Bxg2 17. Qxg2 0-0 18. Rad1 axb3 19. axb3 d5 20. exd6 cxd6 21. Rfe1 Qf7 22. Qc6 Ra2 23. Ba1 Bf6 24. Nf3 Rxa1 25. Rxa1 Bxa1 26. Rxa1 Qf6 27. Rd1 Nc8 28. Qd5+ Kh8 29. Ng5 h6 30. Nf3 g5 31. fxg5 hxg5 32. Re1 g4 33. Nh4 Qc3 34. Qe6 1-0

[Event "Olivos Rubinstein Memorial"]
[Site "Olivos"]
[Date "2002.07.29"]
[Round "9"]
[White "Lallee, Cristian"]
[Black "Cervetto, Esteban"]
[Result "1-0"]
[WhiteElo "2120"]
[BlackElo "2171"]
[PlyCount "89"]
[EventDate "2002.07.18"]
[EventType "swiss"]
[EventRounds "9"]
[EventCountry "ARG"]
[SourceTitle "CBM 089 Extra"]
[Source "ChessBase"]
[SourceDate "2002.09.10"]
[SourceVersion "2"]
[SourceVersionDate "2002.09.10"]
[SourceQuality "1"]

1. d4 Nf6 2. c4 g6 3. Nc3 Bg7 4. e4 d6 5. Be2 0-0 6. Bg5 c5 7. d5 e6 8. Nf3 exd5 9. cxd5 Re8 10. 0-0 h6 11. Bxf6 Qxf6 12. Qc2 Qe7 13. Nd2 f5 14. Bd3 Na6 15. a3 Qf6 16. Rfe1 Nc7 17. Rad1 Bd7 18. a4 Na6 19. Bb5 Nb4 20. Qb1 Re7 21. Nc4 Rae8 22. Bxd7 Rxd7 23. Nb5 fxe4 24. Rxe4 Rf8 25. f3 a6 26. Re6 axb5 27. Rxf6 Rxf6 28. Qe4 Rdf7 29. Qe8+ Kh7 30. Nxd6 Rf8 31. Qe7 bxa4 32. Ne4 R6f7 33. Qxc5 Na6 34. Qb6 Rc7 35. d6 Rd7 36. Qb5 Rfd8 37. Qxa4 Bxb2 38. Qb3 Bg7 39. Kf2 Rc8 40. Qe6 Rcd8 41. Re1 Bd4+ 42. Kg3 Nc5 43. Nf6+ Kg7 44. Ne8+ Kh7 45. Qc4 1-0

[Event "Olivos Rubinstein Memorial"]
[Site "Olivos"]
[Date "2002.07.26"]
[Round "8"]
[White "Escandell Mari, Juan Carlos"]
[Black "Cervetto, Esteban"]
[Result "1-0"]
[WhiteElo "2285"]
[BlackElo "2171"]
[PlyCount "73"]
[EventDate "2002.07.18"]
[EventType "swiss"]
[EventRounds "9"]
[EventCountry "ARG"]
[SourceTitle "CBM 089 Extra"]
[Source "ChessBase"]
[SourceDate "2002.09.10"]
[SourceVersion "2"]
[SourceVersionDate "2002.09.10"]
[SourceQuality "1"]

1. e4 e5 2. Nf3 Nc6 3. Bb5 a6 4. Ba4 Nf6 5. 0-0 Be7 6. Bxc6 dxc6 7. d3 Bd6 8. Bg5 c5 9. Nbd2 h6 10. Bh4 Bg4 11. h3 Be6 12. a4 g5 13. Bg3 Nd7 14. Nc4 Qf6 15. Nfd2 h5 16. c3 Ke7 17. Qe2 Rag8 18. d4 cxd4 19. cxd4 h4 20. Bh2 Qg7 21. d5 g4 22. dxe6 gxh3 23. g3 fxe6 24. Nxd6 cxd6 25. Kh1 hxg3 26. Bxg3 h2 27. Rac1 Qg5 28. a5 Rc8 29. Rc4 d5 30. exd5 exd5 31. Rxc8 Rxc8 32. Nf3 Qh5 33. Bxe5 Rc2 34. Qd3 Nxe5 35. Re1 Rxb2 36. Nxe5 Kd6 37. Qa3+ 1-0

[Event "Olivos Rubinstein Memorial"]
[Site "Olivos"]
[Date "2002.07.24"]
[Round "6"]
[White "Benedetto, Abel"]
[Black "Cervetto, Esteban"]
[Result "1/2-1/2"]
[WhiteElo "2179"]
[BlackElo "2171"]
[PlyCount "43"]
[EventDate "2002.07.18"]
[EventType "swiss"]
[EventRounds "9"]
[EventCountry "ARG"]
[SourceTitle "CBM 089 Extra"]
[Source "ChessBase"]
[SourceDate "2002.09.10"]
[SourceVersion "2"]
[SourceVersionDate "2002.09.10"]
[SourceQuality "1"]

1. d4 Nf6 2. Nc3 d5 3. Bg5 a6 4. Bxf6 gxf6 5. e4 dxe4 6. Nxe4 Nc6 7. c3 e6 8. Nf3 Be7 9. g3 b6 10. Bg2 Bb7 11. 0-0 Na5 12. Qe2 0-0 13. Rfe1 Qd7 14. Rad1 Qb5 15. Qc2 Qh5 16. Ned2 Rfd8 17. b4 Nc4 18. Nxc4 Bxf3 19. Bxf3 Qxf3 20. Re3 Qd5 21. Qe2 Rab8 22. Rd2 1/2-1/2

[Event "Olivos Rubinstein Memorial"]
[Site "Olivos"]
[Date "2002.07.23"]
[Round "5"]
[White "Cervetto, Esteban"]
[Black "Bernal, Gustavo"]
[Result "1-0"]
[WhiteElo "2171"]
[BlackElo "2161"]
[PlyCount "55"]
[EventDate "2002.07.18"]
[EventType "swiss"]
[EventRounds "9"]
[EventCountry "ARG"]
[SourceTitle "CBM 089 Extra"]
[Source "ChessBase"]
[SourceDate "2002.09.10"]
[SourceVersion "2"]
[SourceVersionDate "2002.09.10"]
[SourceQuality "1"]

1. e4 e5 2. Nf3 Nc6 3. Bb5 a6 4. Ba4 Nf6 5. 0-0 Be7 6. Re1 b5 7. Bb3 d6 8. c3 0-0 9. h3 Na5 10. Bc2 c5 11. d4 Qc7 12. Nbd2 cxd4 13. cxd4 Rd8 14. Nf1 exd4 15. Nxd4 d5 16. e5 Ne4 17. f3 Bc5 18. fxe4 dxe4 19. Rxe4 Bf5 20. Be3 Bxe4 21. Bxe4 Qb6 22. Bxa8 Bxd4 23. Qf3 Bxe3+ 24. Nxe3 Nc4 25. Re1 Rd3 26. Bd5 Nxe5 27. Qe4 Qf6 28. Ng4 1-0

[Event "Olivos Rubinstein Memorial"]
[Site "Olivos"]
[Date "2002.07.19"]
[Round "1"]
[White "Cervetto, Esteban"]
[Black "Diaz, Sergio"]
[Result "0-1"]
[WhiteElo "2171"]
[BlackElo "2040"]
[PlyCount "54"]
[EventDate "2002.07.18"]
[EventType "swiss"]
[EventRounds "9"]
[EventCountry "ARG"]
[SourceTitle "CBM 089 Extra"]
[Source "ChessBase"]
[SourceDate "2002.09.10"]
[SourceVersion "2"]
[SourceVersionDate "2002.09.10"]
[SourceQuality "1"]

1. e4 e6 2. d4 d5 3. Nc3 Nf6 4. Bg5 Bb4 5. e5 h6 6. Bd2 Bxc3 7. Bxc3 Ne4 8. Bd3 Nxc3 9. bxc3 c5 10. Qg4 0-0 11. dxc5 Nc6 12. Qg3 Qa5 13. Ne2 Qxc5 14. 0-0 b6 15. Rad1 f5 16. exf6 Rxf6 17. Nf4 d4 18. Be4 Ba6 19. cxd4 Nxd4 20. Bxa8 Rxf4 21. Kh1 Rf8 22. Rfe1 Rxa8 23. c3 Nf5 24. Qg6 Bc4 25. Rd7 Qxf2 26. Red1 Bd5 27. c4 Bxg2+ 0-1

[Event "ARG-ch sf"]
[Site "Buenos Aires"]
[Date "2001.09.10"]
[Round "1"]
[White "Cervetto, Esteban"]
[Black "Fiorito, Fabian"]
[Result "1-0"]
[WhiteElo "2092"]
[BlackElo "2386"]
[PlyCount "121"]
[EventDate "2001.09.10"]
[EventType "swiss"]
[EventRounds "8"]
[EventCountry "ARG"]
[SourceTitle "EXT 2002"]
[Source "ChessBase"]
[SourceDate "2001.11.25"]
[SourceVersion "1"]
[SourceVersionDate "2001.11.25"]
[SourceQuality "1"]

1. e4 b6 2. d4 Bb7 3. Bd3 Nf6 4. Qe2 Nc6 5. c3 e5 6. d5 Ne7 7. Nf3 Ng6 8. 0-0 c6 9. c4 Bc5 10. Nc3 0-0 11. Ne1 Qe7 12. Nc2 cxd5 13. cxd5 Rfe8 14. g3 Qd8 15. Be3 d6 16. Bb5 Rf8 17. b4 Bxe3 18. Nxe3 Ne7 19. Ba6 Bxa6 20. Qxa6 Qd7 21. Rfc1 Rfc8 22. a4 h5 23. a5 bxa5 24. bxa5 Rab8 25. Nc4 Ne8 26. Rab1 Rxb1 27. Rxb1 Qc7 28. Rb4 Qc5 29. Qb7 Rc7 30. Qb5 Kf8 31. Qxc5 Rxc5 32. Na4 Rc8 33. f3 f5 34. Kf2 fxe4 35. fxe4 Ng8 36. Ke3 Ngf6 37. h3 g5 38. Kd3 Rc7 39. a6 Rf7 40. Rb8 Kg7 41. Rb7 Kg6 42. Na5 h4 43. gxh4 gxh4 44. Nc6 Nh5 45. Nxa7 Rf3+ 46. Kc4 Rxh3 47. Nb5 Re3 48. a7 Rxe4+ 49. Kb3 h3 50. a8Q Nef6 51. Nxd6 Re3+ 52. Kc4 Ra3 53. Rb2 Nf4 54. Nb5 Ra1 55. d6 N6d5 56. Qxd5 Nxd5 57. Kxd5 Rxa4 58. d7 Ra8 59. Kxe5 Kg5 60. Nc7 Rh8 61. Ne8 1-0